000 01966nam a2200433 c 4500
003 BLK
005 20180420233339.0
008 180409b bul|||||r ||||||| ||bul||
010 _aKNG00149902000
020 _a978-954-490-282-7
_bиздат.: Екс-прес
040 _aBLK
041 _aBUL
_cBUL
072 7 _2bullib
_aН00
_xОбщ отдел Н
080 _aОкръжни библиотеки. Областни библиотеки. Регионални библиотеки
_b027.53
_x(497.216.1)(091)
_z027.53(497.216.1)(091)
080 _aСпециална библиография
_b016
_x:027.53(497.216.1)(091)
_z016:027.53(497.216.1)(091)
080 _aОкръжни библиотеки. Областни библиотеки. Регионални библиотеки
_b027.53
_x(497.216.1)(091)(01)
_z027.53(497.216.1)(091)(01)
700 1 _aЦонева, Савина Христова
_eсъстав.
_9328083
710 1 _aРегионална библиотека Априлов-Палаузов. Габрово
_9328084
139 _aРегионална библиотека Априлов-Палаузов. Габрово
_bР 44
245 1 0 _aЧети, брате, чети ...
_cсъстав. Савина Христова Цонева.
257 _aBGR
260 Габрово
_bЕкс-прес
_c2011
300 _a156 с.
_bс ил., факс., портр.
_c19Х21 см
380 _a0
500 _aБиблиогр. с. 81-154
650 4 _aБиблиотеки, областни
_9302589
651 4 _aБългария
_9241624
651 4 _aГаброво
_9178735
653 _aбиблиотеки
653 _aбиблиотечно дело
653 _aюбилейни сборници
653 _aбиблиографии
659 _aН
852 _aЦб 264335
856 4 _qpdf
_u
856 4 _qpdf
_u
942 _cKNG
_n0
944 _aCR
_c27.08.2013
_kГеновева_Генчева
944 _aED
_c31.08.2016
_kГеновева_Генчева
999 _c143759
_d143759